Escritos del conde de Ofalia / (Record no. 155282)

MARC details
000 -LEADER
campo de control de longitud fija 00665nam a22001815i 4500
001 - NÚMERO DE CONTROL
campo de control 155282
003 - IDENTIFICADOR DE NÚMERO DE CONTROL
campo de control ES-MaACL
005 - FECHA Y HORA DE LA ÚLTIMA TRANSACCIÓN
campo de control 20251014063221.0
008 - DATOS DE LONGITUD FIJA--INFORMACIÓN GENERAL
campo de control de longitud fija 940202s1894 sp |||| | spa d
040 ## - FUENTE DE CATALOGACIÓN
Centro catalogador/agencia de origen CAM
Lengua de catalogación spa
100 1# - ENTRADA PRINCIPAL--NOMBRE DE PERSONA
Nombre de persona Ofalia, Narciso de Heredia,
Títulos y otros términos asociados al nombre Conde de,
Fechas asociadas al nombre 1775-1847
9 (RLIN) 127875
245 10 - MENCIÓN DEL TÍTULO
Título Escritos del conde de Ofalia /
Mención de responsabilidad, etc. publicados por su nieto, el Marqués de Heredia.
260 ## - PUBLICACIÓN, DISTRIBUCIÓN, ETC.
Lugar de publicación, distribución, etc. Bilbao :
Nombre del editor, distribuidor, etc. [s.n.],
Fecha de publicación, distribución, etc. 1894 (
Fabricante Imp. y Enc. de la S.A. La Propaganda)
300 ## - DESCRIPCIÓN FÍSICA
Extensión IX, 796 p. ;
Dimensiones 23 cm.
700 1# - ENTRADA AGREGADA--NOMBRE PERSONAL
Nombre de persona Heredia, Narciso de Heredia,
Títulos y otros términos asociados al nombre Marqués de,
Fechas asociadas al nombre 1832-1912
9 (RLIN) 127878
852 ## - LOCALIZACIÓN
Ubicación ES-MaACL
Número de control de estantería F-9411
Nota libre -- Enc. hol.
Holdings
Estatus retirado Estado de pérdida Estado de daño No para préstamo Colección Biblioteca de origen Biblioteca actual Ubicación en estantería Fecha de adquisición Fuente de adquisición Total de préstamos Signatura topográfica completa Código de barras Visto por última vez Precio de reemplazo Tipo de ítem Koha
        Libros del s. XIX Biblioteca del Ateneo de Madrid Biblioteca del Ateneo de Madrid Sala Pecera Planta 2 17/01/2008     F-9411 1162433 23/02/2023 23/02/2023 Libro impreso antiguo